| 000 | 00426cam a2200169ua 4500 | ||
|---|---|---|---|
| 020 | _c225.00 | ||
| 041 |
_aeng _h |
||
| 082 |
_a621.3 _bAPP/IN |
||
| 100 | _aAppuu Kuttan, K K . | ||
| 245 |
_aIntroduction to mechatronics / _cAppuu Kuttan. _hTextual Documents |
||
| 260 |
_aCalcutta : _bOxford University Press , _c2007. |
||
| 300 | _a ; . | ||
| 365 | _a225.00 | ||
| 504 | _a | ||
| 942 | _cBK | ||
| 999 |
_c13498 _d13498 |
||